| 000 | 00588cam a2200217 4500 | ||
|---|---|---|---|
| 008 | 090401t1994 xxu||||| |||| 00| 0 eng d | ||
| 020 | _a187339411X | ||
| 035 | _a(Sirsi) u48045 | ||
| 041 | _aeng | ||
| 050 | _a690.241 | ||
| 100 | _aAshurst, Nicola | ||
| 245 | _aCleaning historic buildings. Volume 2: Cleaning materials and processes. | ||
| 260 |
_aLondon _bDonhead Publishing Ltd. _c1994 |
||
| 300 | _axiv,258p. : ill. ; 25cm. | ||
| 350 | _a0 | ||
| 650 | _aCLEANING MATERIALS | ||
| 650 | _aHISTORIC BUILDINGS | ||
| 690 | _aCONSERVATION | ||
| 942 | _n0 | ||
| 948 | _c04/03/1997 | ||
| 999 |
_c92272 _d92272 |
||